00548nam a2200181 a 4500008004100000020002200041100002000063245006300083250001200146260003400158300003200192500002000224650004700244650004800291003000100339005001700340040000900357  a0240514157 (pbk.)1 aGates, Richard.10aProduction management for film and video /cRichard Gates. a2nd ed. aOxford :bFocal Press,c1995. ax, 156 p. :bill. ;c24 cm. aIncludes index. 0aMotion picturesxProduction and direction. 0aVideo recordingsxProduction and direction.20230123133624.0 cNUST